Financial statement analysis and security valuation / (Record no. 18121)
[ view plain ]
| 000 -LEADER | |
|---|---|
| fixed length control field | 00932cam a2200277 a 4500 |
| 001 - CONTROL NUMBER | |
| control field | 016038638 |
| 003 - CONTROL NUMBER IDENTIFIER | |
| control field | OSt |
| 005 - DATE AND TIME OF LATEST TRANSACTION | |
| control field | 20201128021034.0 |
| 008 - FIXED-LENGTH DATA ELEMENTS--GENERAL INFORMATION | |
| fixed length control field | 120222s2013 nyuadk fr 001 0 eng d |
| 020 ## - INTERNATIONAL STANDARD BOOK NUMBER | |
| International Standard Book Number | 9780071326407 (pbk.) |
| 020 ## - INTERNATIONAL STANDARD BOOK NUMBER | |
| International Standard Book Number | 0071326405 (pbk.) |
| 040 ## - CATALOGING SOURCE | |
| Original cataloging agency | StDuBDS |
| Language of cataloging | eng |
| Transcribing agency | StDuBDS |
| Modifying agency | Uk |
| -- | EG-ScBUE |
| 082 04 - DEWEY DECIMAL CLASSIFICATION NUMBER | |
| Classification number | 332.632042 |
| Edition number | 22 |
| Item number | PEN |
| 100 1# - MAIN ENTRY--PERSONAL NAME | |
| Personal name | Penman, Stephen H. |
| 9 (RLIN) | 35685 |
| 245 10 - TITLE STATEMENT | |
| Title | Financial statement analysis and security valuation / |
| Statement of responsibility, etc | Stephen H. Penman. |
| 250 ## - EDITION STATEMENT | |
| Edition statement | 5th ed., McGraw-Hill international ed. |
| 260 ## - PUBLICATION, DISTRIBUTION, ETC. (IMPRINT) | |
| Place of publication, distribution, etc | New York : |
| Name of publisher, distributor, etc | McGraw-Hill Irwin, |
| Date of publication, distribution, etc | 2013 |
| Place of manufacture | (Singapore) |
| 300 ## - PHYSICAL DESCRIPTION | |
| Extent | xxvi, 740 p. : |
| Other physical details | charts, forms, tables ; |
| Dimensions | 26 cm. |
| 500 ## - GENERAL NOTE | |
| General note | Index : p. 725-740. |
| 500 ## - GENERAL NOTE | |
| General note | Includes appendix. |
| 650 #0 - SUBJECT ADDED ENTRY--TOPICAL TERM | |
| Topical term or geographic name as entry element | Financial statements. |
| 9 (RLIN) | 4982 |
| 650 #0 - SUBJECT ADDED ENTRY--TOPICAL TERM | |
| Topical term or geographic name as entry element | Investment analysis. |
| 9 (RLIN) | 1288 |
| 653 ## - INDEX TERM--UNCONTROLLED | |
| Resource For college | Engineering, General |
| -- | BAEPS, Business Administration |
| Arrived date list | March2014 |
| -- | April2015 |
| 655 ## - INDEX TERM--GENRE/FORM | |
| Form subdivision | |
| -- | 33728 |
| 942 ## - ADDED ENTRY ELEMENTS (KOHA) | |
| Source of classification or shelving scheme | Dewey Decimal Classification |
| Call number prefix | 332.632042 PEN |
| Withdrawn status | Item status | Source of classification or shelving scheme | Damaged status | Not for loan | Vendor | Home library | Current library | Shelving location | Date acquired | Source of acquisition | Cost, normal purchase price | Total Checkouts | Full call number | Barcode | Date last seen | Cost, replacement price | Koha item type | Total Renewals | Date last borrowed |
|---|---|---|---|---|---|---|---|---|---|---|---|---|---|---|---|---|---|---|---|
| Dewey Decimal Classification | Baccah | Central Library | Central Library | First floor | 18/03/2014 | 250.00 | 332.632042 PEN | 000035726 | 15/07/2025 | 312.50 | NB - Book (Non borrowing) | ||||||||
| Dewey Decimal Classification | Baccah | Central Library | Central Library | First floor | 18/03/2014 | 250.00 | 10 | 332.632042 PEN | 000035727 | 15/07/2025 | 312.50 | Book - Borrowing | 104 | 24/02/2020 | |||||
| Dewey Decimal Classification | Baccah | Central Library | Central Library | First floor | 18/03/2014 | 250.00 | 17 | 332.632042 PEN | 000035728 | 15/07/2025 | 312.50 | Book - Borrowing | 59 | 26/02/2020 | |||||
| Dewey Decimal Classification | Baccah | Central Library | Central Library | First floor | 18/03/2014 | Purchase | 250.00 | 12 | 332.632042 PEN | 000035729 | 18/08/2021 | 312.50 | Book - Borrowing | 58 | 20/12/2017 | ||||
| Dewey Decimal Classification | Baccah | Central Library | Central Library | First floor | 18/03/2014 | 250.00 | 15 | 332.632042 PEN | 000035730 | 15/07/2025 | 312.50 | Book - Borrowing | 41 | 05/05/2019 | |||||
| Dewey Decimal Classification | Baccah | Central Library | Central Library | First floor | 08/04/2015 | 270.00 | 11 | 332.632042 PEN | 000037949 | 15/07/2025 | 337.50 | Book - Borrowing | 72 | 11/02/2020 |